Представление документа в формате RUSMARC

ПолеНазваниеЗначение
  Тип записи a
  Библиографический уровень a
001 Контрольный номер RU/CBS_UL/BASE/b22d5e1f531f4b5db17e0e59a792eb26
005 Дата корректировки 20260318221835.6
100 Данные общей обработки __
a Данные общей обработки 20260318 ||| 0rusy0189 ca
101 Язык документа 0_
a Язык текста rus
102 Страна публикации __
a Страна публикации RU
200 Заглавие и сведения об ответственности 1_
a Заглавие Памятник на площади
e Сведения, относящиеся к заглавию [о памятниках в российских городах]
f Первые сведения об ответственности Д. Евстафьев, Л. Цыганова
300 Общие примечания __
a Общие примечания 16+
320 Библиография __
a Библиография Библиогр.: с. 121
461 Уровень набора _0
1 2000
a Родина
463 Уровень физической единицы _0
1 2000
a № 5
v С. 118-121 : фот.
1 2101
d 2021
1 001RU/CBS_UL/BASE/695229592
606 Тематические рубрики 0_
a Основная рубрика Монументальное искусство - Российская Федерация
610 Ключевые слова 0_
a Ключевые слова монументальное искусство, памятники и городское пространство, повседневная жизнь, памятники, городское пространство, историческая память, городская эстетика
686 Индексы других классификаций __
2 Код системы rubbk
a Классификационный индекс 85.136.155
700 Автор _1
a Фамилия Евстафьев
b Имя (инициалы) Д.
701 Альтернативная интеллектуальная ответственность _1
a Фамилия Цыганова
b Имя (инициалы) Л.
801 Источник записи _0
a Страна RU
b Организация МБУК ЦБС г. Ульяновска
c Дата составления 20260318
g Правила каталогизации RCR
801 Источник записи _1
a Страна RU
b Организация МБУК ЦБС г. Ульяновска
c Дата составления 20260318
g Правила каталогизации RCR
901 Тип документа __
t Тип документа b
w Контрольный № источника RU/CBS_UL/BASE/695229592
909 Создатель записи __
a Создатель записи lib1